[Event "SVK-Cup13 G4 corr"]
[Site "Slovakia"]
[Date "2002.10.03"]
[Round "31"]
[White "Nagy, Peter"]
[Black "Ondruska, Roman"]
[Result "1-0"]
[WhiteElo "1826"]
[BlackElo "1812"]
[PlyCount "73"]
[EventDate "2002.02.01"]
[EventType "tourn (corr)"]
[EventRounds "12"]
[EventCountry "SVK"]
[SourceTitle "Corr 2006"]
[Source "ChessBase"]
[SourceDate "2006.04.01"]
[SourceVersion "3"]
[SourceVersionDate "2006.04.01"]
[SourceQuality "1"]

1. e4 e5 2. Nf3 Nc6 3. Bc4 Nf6 4. d4 exd4 5. 0-0 Nxe4 6. Re1 d5 7. Bxd5 Qxd5 8. Nc3 Qa5 9. Nxe4 Be6 10. Neg5 0-0-0 11. Nxe6 fxe6 12. Rxe6 Bd6 13. Qe2 Kd7 14. Qe4 Qh5 15. Bd2 Rhf8 16. Re1 Qf5 17. Qh4 Rde8 18. Nxd4 Nxd4 19. Rxe8 Rxe8 20. Qxd4 Qf6 21. Qa4+ c6 22. Qg4+ Kd8 23. Rxe8+ Kxe8 24. Qc8+ Kf7 25. Qxb7+ Kf8 26. Qa8+ Kf7 27. Qxa7+ Kf8 28. Qa8+ Kf7 29. Qb7+ Kf8 30. Bb4 Bxb4 31. Qxb4+ Kf7 32. g3 Qg6 33. Qc4+ Ke8 34. a4 Qf6 35. a5 Qxb2 36. Qxc6+ Kf7 37. a6 1-0

[Event "SVK-Cup13 G4 corr"]
[Site "Slovakia"]
[Date "2002.09.19"]
[Round "37"]
[White "Ondruska, Roman"]
[Black "Simoncic, Ladislav"]
[Result "0-1"]
[WhiteElo "1812"]
[BlackElo "1708"]
[PlyCount "62"]
[EventDate "2002.02.01"]
[EventType "tourn (corr)"]
[EventRounds "12"]
[EventCountry "SVK"]
[SourceTitle "Corr 2006"]
[Source "ChessBase"]
[SourceDate "2006.04.01"]
[SourceVersion "3"]
[SourceVersionDate "2006.04.01"]
[SourceQuality "1"]

1. c4 e5 2. Nc3 Nf6 3. Nf3 Nc6 4. e3 Bb4 5. Nd5 e4 6. Ng1 0-0 7. Qc2 Re8 8. a3 Bd6 9. Ne2 Be5 10. Nec3 Bxc3 11. Qxc3 Nxd5 12. cxd5 Ne7 13. Bc4 b5 14. Ba2 Bb7 15. Qc5 a6 16. d6 cxd6 17. Qxd6 Rc8 18. 0-0 Qc7 19. Qxc7 Rxc7 20. d4 exd3 21. Bb1 Be4 22. f3 Bg6 23. e4 d5 24. Bxd3 dxe4 25. fxe4 Rd7 26. Bc2 Nc6 27. Be3 Bxe4 28. Bxe4 Rxe4 29. Bc5 Rd2 30. a4 bxa4 31. Rxa4 Rxa4 0-1

[Event "SVK-Cup13 G4 corr"]
[Site "Slovakia"]
[Date "2002.08.30"]
[Round "26"]
[White "Ondruska, Roman"]
[Black "Kotoucek, Milan"]
[Result "0-1"]
[WhiteElo "1812"]
[BlackElo "1941"]
[PlyCount "42"]
[EventDate "2002.02.01"]
[EventType "tourn (corr)"]
[EventRounds "12"]
[EventCountry "SVK"]
[SourceTitle "Corr 2006"]
[Source "ChessBase"]
[SourceDate "2006.04.01"]
[SourceVersion "3"]
[SourceVersionDate "2006.04.01"]
[SourceQuality "1"]

1. d4 d5 2. Nf3 c5 3. c3 cxd4 4. cxd4 Nc6 5. Nc3 Bf5 6. Bf4 e6 7. e3 Qb6 8. Qd2 Nf6 9. a3 Na5 10. Na4 Qd8 11. Bb5+ Nc6 12. Ne5 Rc8 13. Rc1 Ne4 14. Qe2 Qa5+ 15. b4 Bxb4+ 16. axb4 Qxb4+ 17. Kf1 Nd2+ 18. Kg1 0-0 19. Nxc6 bxc6 20. Ba6 Nb3 21. Rc3 Qxa4 0-1

[Event "SVK-ch I/141 corr"]
[Site "Slovakia"]
[Date "2002.??.??"]
[Round "?"]
[White "Bol, Jozef"]
[Black "Ondruska, Roman"]
[Result "1/2-1/2"]
[WhiteElo "1764"]
[BlackElo "1812"]
[PlyCount "30"]
[EventDate "2002.12.15"]
[EventType "tourn (corr)"]
[EventRounds "12"]
[EventCountry "SVK"]
[SourceTitle "Corr 2008"]
[Source "ChessBase"]
[SourceDate "2008.06.24"]
[SourceVersion "1"]
[SourceVersionDate "2008.06.24"]
[SourceQuality "1"]

1. c4 Nf6 2. Nc3 g6 3. Nf3 d6 4. g3 Nbd7 5. d4 Bg7 6. Bg2 0-0 7. 0-0 e5 8. e4 c6 9. d5 c5 10. Bg5 h6 11. Bxf6 Nxf6 12. Nd2 Nh7 13. Ne2 f5 14. exf5 gxf5 15. Qc2 a6 1/2-1/2

[Event "SVK-ch I/141 corr"]
[Site "Slovakia"]
[Date "2002.??.??"]
[Round "?"]
[White "Dorociak, Peter"]
[Black "Ondruska, Roman"]
[Result "1-0"]
[WhiteElo "1802"]
[BlackElo "1812"]
[PlyCount "95"]
[EventDate "2002.12.15"]
[EventType "tourn (corr)"]
[EventRounds "12"]
[EventCountry "SVK"]
[SourceTitle "Corr 2008"]
[Source "ChessBase"]
[SourceDate "2008.06.24"]
[SourceVersion "1"]
[SourceVersionDate "2008.06.24"]
[SourceQuality "1"]

1. e4 e6 2. d4 d5 3. exd5 exd5 4. Bd3 Bd6 5. h3 Nf6 6. Nf3 0-0 7. 0-0 Nbd7 8. Bg5 h6 9. Bh4 Re8 10. Nc3 g5 11. Bg3 Bxg3 12. fxg3 c5 13. Be2 b6 14. dxc5 Nxc5 15. Bb5 Re6 16. Nd4 Rd6 17. Bc6 Ba6 18. Bxa8 Bxf1 19. Qxf1 Qxa8 20. Ncb5 Rc6 21. Nxc6 Qxc6 22. Nxa7 Qd6 23. Nb5 Qe5 24. Nc3 Nce4 25. Qe1 Qd4+ 26. Kh2 Nf2 27. Qe2 N2g4+ 28. hxg4 Nxg4+ 29. Kh1 Nf2+ 30. Kg1 Ng4+ 31. Kf1 Nh2+ 32. Ke1 Qg1+ 33. Kd2 Qxa1 34. b3 Qg1 35. Nxd5 Qd4+ 36. Qd3 Qf2+ 37. Kc1 Qxg2 38. Nf6+ Kf8 39. Qd6+ Kg7 40. Nh5+ Kh7 41. Kb2 Qf2 42. Qd3+ Kg8 43. Qc3 Kf8 44. Qh8+ Ke7 45. Qe5+ Kf8 46. Qb8+ Ke7 47. Qc7+ Ke8 48. Qd6 1-0

[Event "SVK-ch I/141 corr"]
[Site "Slovakia"]
[Date "2002.??.??"]
[Round "?"]
[White "Kaminsky, Ladislav"]
[Black "Ondruska, Roman"]
[Result "1-0"]
[WhiteElo "1805"]
[BlackElo "1812"]
[PlyCount "55"]
[EventDate "2002.12.15"]
[EventType "tourn (corr)"]
[EventRounds "12"]
[EventCountry "SVK"]
[SourceTitle "Corr 2008"]
[Source "ChessBase"]
[SourceDate "2008.06.24"]
[SourceVersion "1"]
[SourceVersionDate "2008.06.24"]
[SourceQuality "1"]

1. Nf3 c5 2. c4 Nf6 3. g3 g6 4. Nc3 Bg7 5. Bg2 0-0 6. 0-0 Nc6 7. d4 cxd4 8. Nxd4 Qb6 9. e3 d6 10. b3 Ne8 11. Nd5 Qd8 12. Bb2 Nxd4 13. Bxd4 e5 14. Bb2 f5 15. Qd2 Be6 16. Rad1 Rc8 17. Nc3 Rf7 18. Nb5 Rd7 19. Bd5 Bxd5 20. Qxd5+ Kh8 21. Ba3 Nf6 22. Qe6 d5 23. cxd5 Qb6 24. Nd6 Rcc7 25. Qxe5 Qa6 26. Ne8 Rc8 27. Nxg7 Kxg7 28. Be7 1-0

[Event "SVK-ch I/141 corr"]
[Site "Slovakia"]
[Date "2002.??.??"]
[Round "?"]
[White "Ondruska, Roman"]
[Black "Bol, Jozef"]
[Result "1/2-1/2"]
[WhiteElo "1812"]
[BlackElo "1764"]
[PlyCount "92"]
[EventDate "2002.12.15"]
[EventType "tourn (corr)"]
[EventRounds "12"]
[EventCountry "SVK"]
[SourceTitle "Corr 2008"]
[Source "ChessBase"]
[SourceDate "2008.06.24"]
[SourceVersion "1"]
[SourceVersionDate "2008.06.24"]
[SourceQuality "1"]

1. d4 d5 2. c4 e6 3. Nc3 Nf6 4. cxd5 exd5 5. Bg5 c6 6. e3 Be7 7. Bd3 Ne4 8. Bxe7 Qxe7 9. Bxe4 dxe4 10. Nge2 0-0 11. Ng3 f5 12. 0-0 Nd7 13. Qd2 Nb6 14. b3 Nd5 15. a3 Be6 16. b4 Nxc3 17. Qxc3 Qg5 18. a4 f4 19. Nxe4 Qg6 20. f3 Bh3 21. Ra2 Bf5 22. exf4 Bxe4 23. fxe4 Qxe4 24. Qc4+ Kh8 25. Re2 Qg6 26. Re7 Rab8 27. g3 h5 28. Rfe1 Qf6 29. Qc5 Qg6 30. Qxa7 h4 31. Kg2 Ra8 32. Qxb7 Rfb8 33. Qd7 Rxb4 34. Re8+ Rxe8 35. Qxe8+ Qxe8 36. Rxe8+ Kh7 37. a5 hxg3 38. hxg3 Rxd4 39. Re5 Rc4 40. Kf3 Ra4 41. Kg4 g6 42. Re7+ Kh6 43. Ra7 c5 44. a6 c4 45. Rc7 Rxa6 46. Rxc4 Rf6 1/2-1/2

[Event "SVK-ch I/141 corr"]
[Site "Slovakia"]
[Date "2002.??.??"]
[Round "?"]
[White "Ondruska, Roman"]
[Black "Siska, Bohuslav"]
[Result "0-1"]
[WhiteElo "1812"]
[BlackElo "1872"]
[PlyCount "72"]
[EventDate "2002.12.15"]
[EventType "tourn (corr)"]
[EventRounds "12"]
[EventCountry "SVK"]
[SourceTitle "Corr 2008"]
[Source "ChessBase"]
[SourceDate "2008.06.24"]
[SourceVersion "1"]
[SourceVersionDate "2008.06.24"]
[SourceQuality "1"]

1. e4 c5 2. Nf3 Nc6 3. d4 cxd4 4. Nxd4 Nf6 5. Nc3 e5 6. Ndb5 d6 7. Bg5 a6 8. Na3 b5 9. Bxf6 gxf6 10. Nd5 f5 11. exf5 Bxf5 12. c3 Bg7 13. Nc2 0-0 14. Nce3 Be6 15. Bd3 f5 16. 0-0 Rb8 17. Qh5 Qd7 18. f4 e4 19. Bc2 Qa7 20. Kh1 b4 21. Bb3 bxc3 22. bxc3 Na5 23. Ba4 Qf7 24. Qxf7+ Kxf7 25. Rab1 Rfc8 26. Rb4 Rxb4 27. cxb4 Nc4 28. Bb3 Nd2 29. Rd1 Nxb3 30. axb3 Bxd5 31. Nxd5 Ke6 32. Kg1 Rc2 33. Kf1 Bb2 34. h3 Bc1 35. Rd4 e3 36. Rc4 Rf2+ 0-1